000 00682nam a2200193 a 4500
001 000016411
005 20200929164420.0
008 100305s2008 dr 000 0 spa d
040 _aDO-SdBNP
_bspa
_cBNPHU
082 _axxxx
_bC566c
100 1 _aCiaurriz, Miguel Angel
_936580
245 1 0 _aCelebración de la esperanza cristiana :
_bpara velorios y novenarios de difuntos /
_cMiguel Angel Ciaurriz.
250 _a4a ed.
260 _aSanto Domingo :
_bEdiciones MSC,
_c2008.
300 _a122 p. ;
_c22 cm.
500 _aUn ejemplar con error de publicación y edición
590 _aInventariado, 2020/YL
500 _aLa biblioteca posee dos (2) ejemplares reimpresos del 2011
999 _c15946
_d15946